[Event "Biel HTO 56th"]
[Site "Biel"]
[Date "2023.07.26"]
[Round "9"]
[White "Malli, Suvirr"]
[Black "Giacomini, Hector"]
[Result "0-1"]
[WhiteElo "2094"]
[BlackElo "2126"]
[PlyCount "128"]
[EventDate "2023.07.17"]
[EventType "swiss"]
[EventRounds "10"]
[EventCountry "SUI"]
[SourceTitle "CBM 215 Extra"]
[Source "ChessBase"]
[SourceDate "2023.09.30"]
[SourceVersion "1"]
[SourceVersionDate "2023.09.30"]
[SourceQuality "1"]

1. e4 c6 2. d4 d5 3. f3 dxe4 4. fxe4 e5 5. Nf3 exd4 6. Bc4 Nf6 7. 0-0 Nbd7 8. e5 Nd5 9. Bg5 Qb6 10. Bb3 Bc5 11. Kh1 0-0 12. Nbd2 Re8 13. Nc4 Qc7 14. Nd6 Bxd6 15. exd6 Qxd6 16. Qxd4 Qc5 17. Rae1 Re6 18. Rxe6 fxe6 19. c4 Qxd4 20. Nxd4 Nc7 21. Bd8 c5 22. Bxc7 cxd4 23. Rf4 Nf6 24. Rxd4 Bd7 25. Be5 Bc6 26. Bxf6 gxf6 27. Rd6 Re8 28. Kg1 Kg7 29. Kf2 Re7 30. c5 e5 31. Be6 a5 32. b3 Be8 33. Ke3 Rc7 34. Rb6 Bc6 35. g4 Kg6 36. Bc4 Kg5 37. Be2 h5 38. h3 hxg4 39. hxg4 Bd7 40. Bf3 Rxc5 41. Rxb7 Rc3+ 42. Ke2 Rxf3 43. Rxd7 Kxg4 44. Ra7 e4 45. Rxa5 f5 46. b4 Rh3 47. b5 Kf4 48. Ra8 Rh2+ 49. Kd1 e3 50. a4 Kf3 51. Re8 Rb2 52. Kc1 Rb4 53. Re5 f4 54. a5 e2 55. Kd2 Rb2+ 56. Ke1 Rb1+ 57. Kd2 Rd1+ 58. Kc2 Rd5 59. Re7 Rxb5 60. a6 Ra5 61. a7 Rxa7 62. Re8 Kf2 63. Kd2 Rd7+ 64. Kc2 e1Q 0-1

[Event "Biel HTO 56th"]
[Site "Biel"]
[Date "2023.07.17"]
[Round "1"]
[White "Giacomini, Hector"]
[Black "Wessman, Richard"]
[Result "0-1"]
[WhiteElo "2126"]
[BlackElo "2410"]
[PlyCount "78"]
[EventDate "2023.07.17"]
[EventType "swiss"]
[EventRounds "10"]
[EventCountry "SUI"]
[SourceTitle "CBM 215 Extra"]
[Source "ChessBase"]
[SourceDate "2023.09.30"]
[SourceVersion "1"]
[SourceVersionDate "2023.09.30"]
[SourceQuality "1"]

1. Nf3 Nf6 2. e3 d5 3. d4 Bg4 4. Be2 c6 5. 0-0 e6 6. Nbd2 Nbd7 7. c4 Bd6 8. c5 Bc7 9. b4 0-0 10. h3 Bh5 11. Bb2 Qe7 12. a4 Bxf3 13. Nxf3 Ne4 14. b5 f5 15. a5 cxb5 16. Bxb5 a6 17. Be2 Nb8 18. Nd2 Nc6 19. Nxe4 fxe4 20. Bc3 Rf7 21. Qd2 Raf8 22. Rab1 Bb8 23. Bg4 g6 24. f4 exf3 25. Rxf3 h5 26. Rxb7 Qxb7 27. Bxe6 Qb1+ 28. Kf2 Qe4 29. Bxf7+ Rxf7 30. Rxf7 Kxf7 31. Qb2 Bh2 32. Qe2 Qf5+ 33. Qf3 Bc7 34. e4 dxe4 35. Qxf5+ gxf5 36. d5 Nxa5 37. d6 Bd8 38. Ke3 Bg5+ 39. Ke2 Nc6 0-1

[Event "Graz op-A"]
[Site "Graz"]
[Date "2020.02.16"]
[Round "3"]
[White "Giacomini, Hector"]
[Black "Barp, Alberto"]
[Result "0-1"]
[WhiteElo "2161"]
[BlackElo "2368"]
[PlyCount "58"]
[EventDate "2020.02.14"]
[EventType "swiss"]
[EventRounds "9"]
[EventCountry "AUT"]
[SourceTitle "CBM 195 Extra"]
[Source "ChessBase"]
[SourceDate "2020.05.31"]
[SourceVersion "1"]
[SourceVersionDate "2020.05.31"]
[SourceQuality "1"]

1. Nf3 d5 2. e3 Nf6 3. c4 e6 4. Nc3 b6 5. b3 Bd6 6. Bb2 0-0 7. Rc1 a6 8. d4 Nbd7 9. Bd3 Bb7 10. 0-0 Ne4 11. Ne2 Qf6 12. Qc2 Qh6 13. h3 Ndf6 14. Ne5 Rad8 15. Rcd1 dxc4 16. Nxc4 Qg5 17. f4 Qh4 18. Nxd6 cxd6 19. Qc7 Rd7 20. Qc2 Rc8 21. Qb1 Rdc7 22. Bc1 Ng3 23. Nxg3 Qxg3 24. Rf2 Nd5 25. Re1 Nc3 26. Qb2 Bxg2 27. Rxg2 Qxe1+ 28. Kh2 Na4 29. bxa4 Rxc1 0-1

[Event "Gibraltar Masters 18th"]
[Site "Caleta"]
[Date "2020.01.25"]
[Round "5"]
[White "Kovacevic, Blazimir"]
[Black "Giacomini, Hector"]
[Result "1-0"]
[WhiteElo "2451"]
[BlackElo "2161"]
[PlyCount "53"]
[EventDate "2020.01.21"]
[EventType "swiss"]
[EventRounds "10"]
[EventCountry "GGB"]
[SourceTitle "CBM 194 Extra"]
[Source "ChessBase"]
[SourceDate "2020.03.31"]
[SourceVersion "1"]
[SourceVersionDate "2020.03.31"]
[SourceQuality "1"]

1. c4 e6 2. Nc3 d5 3. d4 Nf6 4. cxd5 exd5 5. Bg5 Be7 6. e3 0-0 7. Bd3 Nbd7 8. Nf3 Re8 9. Qc2 Nf8 10. h3 c6 11. Bf4 Ng6 12. Bh2 Bd6 13. Bxd6 Qxd6 14. 0-0-0 Be6 15. Kb1 Rac8 16. g4 b6 17. g5 Ne4 18. Nxe4 dxe4 19. Bxe4 Bd5 20. Nd2 c5 21. f3 cxd4 22. Qd3 dxe3 23. Bxd5 Ne5 24. Ne4 Nxd3 25. Nxd6 e2 26. Bxf7+ Kf8 27. Bxe8 1-0

[Event "Gibraltar Masters 18th"]
[Site "Caleta"]
[Date "2020.01.22"]
[Round "2"]
[White "Mieles Palau, Daniel Alberto"]
[Black "Giacomini, Hector"]
[Result "1-0"]
[WhiteElo "2374"]
[BlackElo "2161"]
[PlyCount "133"]
[EventDate "2020.01.21"]
[EventType "swiss"]
[EventRounds "10"]
[EventCountry "GGB"]
[SourceTitle "CBM 194 Extra"]
[Source "ChessBase"]
[SourceDate "2020.03.31"]
[SourceVersion "1"]
[SourceVersionDate "2020.03.31"]
[SourceQuality "1"]

1. c4 e6 2. Nc3 d5 3. d4 Nf6 4. cxd5 exd5 5. Bg5 Be7 6. e3 0-0 7. Bd3 Nbd7 8. Nge2 Re8 9. Qc2 Nf8 10. 0-0 c6 11. f3 Be6 12. Rad1 Rc8 13. e4 dxe4 14. fxe4 Ng4 15. Bf4 Bg5 16. Qc1 Bxf4 17. Qxf4 Ng6 18. Qg3 Qh4 19. Rfe1 Qxg3 20. Nxg3 f6 21. h3 Nh6 22. d5 Bd7 23. Bc4 Kf8 24. dxc6 Bxc6 25. Bb3 Rcd8 26. Nh5 Nf7 27. Nd5 Bxd5 28. Bxd5 Re7 29. Bxf7 Rxd1 30. Rxd1 Kxf7 31. Ng3 Rc7 32. Rd2 Ne7 33. Kf2 g6 34. Ke3 Ke6 35. Ne2 a6 36. Nf4+ Kf7 37. Rd6 g5 38. Nh5 Rc6 39. Rd7 Rb6 40. b3 Ke8 41. Rc7 Kd8 42. Rc5 Ng6 43. g4 Kd7 44. Rd5+ Ke7 45. Ng3 Nh4 46. Rc5 Rd6 47. e5 Rc6 48. Rxc6 bxc6 49. exf6+ Kxf6 50. Ne4+ Kg6 51. Kd4 Nf3+ 52. Kc5 Ne5 53. a4 h5 54. gxh5+ Kxh5 55. Kd6 Nf3 56. Kxc6 Nd4+ 57. Kb6 Nxb3 58. Kxa6 Kh4 59. Kb6 Kxh3 60. Nxg5+ Kg4 61. Ne4 Kf5 62. Nc5 Nd2 63. Kb5 Ke5 64. a5 Kd5 65. a6 Nc4 66. a7 Nd6+ 67. Kb4 1-0